000
00273nam a2200109Ia 4500
008
200302s9999 xx 000 0 und d
100
_a
Jatin Pandey and Darshana pathak
245
_a
Geographic Information System
260
_b
Teri pub
260
_c
2014
300
_a
151 P.,
999
_c
4007
_d
4007